Library Banner

آل انڈیا مسلم لیگ اور اردو (Record no. 75003)

MARC details
000 -LEADER
fixed length control field 00441nam a22001457a 4500
005 - DATE AND TIME OF LATEST TRANSACTION
control field 20150826112432.0
008 - FIXED-LENGTH DATA ELEMENTS--GENERAL INFORMATION
fixed length control field 150826b xxu||||| |||| 00| 0 eng d
040 ## - CATALOGING SOURCE
Transcribing agency PK-LaUMT
082 ## - DEWEY DECIMAL CLASSIFICATION NUMBER
Classification number KHC 954.0354
Item number HAN-A
100 ## - MAIN ENTRY--PERSONAL NAME
Personal name حنیف شاہد، محمد
245 ## - TITLE STATEMENT
Title آل انڈیا مسلم لیگ اور اردو
Statement of responsibility, etc محمد حنیف شاھد
260 ## - PUBLICATION, DISTRIBUTION, ETC. (IMPRINT)
Place of publication, distribution, etc لاہور
Name of publisher, distributor, etc مقتدرہ قومی زبان
Date of publication, distribution, etc 1991
300 ## - PHYSICAL DESCRIPTION
Extent 58 ص
942 ## - ADDED ENTRY ELEMENTS (KOHA)
Koha item type Books
Holdings
Withdrawn status Lost status Damaged status Home library Current library Date acquired Full call number Barcode Date last seen Price effective from Koha item type
      UMT Main Campus UMT Main Campus 2015-08-26 KHC 954.0354 HAN-A 68890 2015-08-26 2015-08-26 Books